[Event "ISR-ch op"]
[Site "Acre"]
[Date "2024.01.25"]
[Round "5"]
[White "Pivnik, Mark"]
[Black "Orian, Noga"]
[Result "0-1"]
[WhiteElo "1635"]
[BlackElo "2052"]
[PlyCount "120"]
[EventDate "2024.01.21"]
[EventType "swiss"]
[EventRounds "9"]
[EventCountry "ISR"]
[SourceTitle "CB05_2024"]
[SourceDate "2024.01.31"]
[SourceVersion "1"]
[SourceVersionDate "2024.01.31"]
[SourceQuality "1"]

1. e4 c5 2. c4 Nc6 3. f4 g6 4. Nc3 Bg7 5. d3 d6 6. Bd2 e6 7. a3 Nge7 8. Rb1 0-0 9. Nf3 d5 10. cxd5 exd5 11. Be2 Bg4 12. 0-0 Qd7 13. h3 Bxf3 14. Bxf3 Rfd8 15. e5 Nd4 16. Bg4 Qc6 17. Ne2 Ndf5 18. Bf3 Qb6 19. Kh2 Rac8 20. g4 Nh4 21. Bh1 g5 22. Be1 Nhg6 23. fxg5 Bxe5+ 24. Bg3 Qc7 25. Qd2 Nc6 26. Bxe5 Qxe5+ 27. Ng3 Nd4 28. Rbe1 Qc7 29. Rf6 Rd7 30. Qf2 Ne6 31. Kg1 Nxg5 32. Bg2 Nh4 33. Nh5 Nxg2 34. Qxg2 Re7 35. Ref1 Qe5 36. h4 Ne6 37. R6f5 Qe3+ 38. Kh1 Kh8 39. Nf6 Ng7 40. Nxd5 Nxf5 41. Nxe3 Nxe3 42. Qf3 Rc6 43. Rc1 Kg7 44. g5 f5 45. h5 Rd6 46. Rxc5 Rxd3 47. Rc3 Rd1+ 48. Kh2 Ng4+ 49. Kg3 Rg1+ 50. Kh3 Rh1+ 51. Kg3 Rg1+ 52. Kh4 Re4 53. Rc7+ Kh8 54. Qc3+ Ne5+ 55. Kh3 Rxg5 56. Rc8+ Kg7 57. Qc7+ Kh6 58. Rh8 Re3+ 59. Kh2 Nf3+ 60. Kh3 Ng1+ 0-1